[Event "Caxambu op"]
[Site "Caxambu"]
[Date "2023.07.22"]
[Round "5"]
[White "Cardozo, Matheus Santos"]
[Black "Olivo, Anibal Ribeiro"]
[Result "1-0"]
[WhiteElo "1852"]
[BlackElo "1508"]
[PlyCount "97"]
[EventDate "2023.07.20"]
[EventType "swiss"]
[EventRounds "7"]
[EventCountry "BRA"]
[SourceTitle "CBM 215 Extra"]
[Source "ChessBase"]
[SourceDate "2023.09.30"]
[SourceVersion "1"]
[SourceVersionDate "2023.09.30"]
[SourceQuality "1"]

1. d4 Nf6 2. Nf3 g6 3. c4 Bg7 4. g3 0-0 5. Bg2 d6 6. 0-0 c6 7. Nc3 Bf5 8. Nh4 Be6 9. d5 cxd5 10. cxd5 Bd7 11. h3 b5 12. a3 a5 13. Be3 Na6 14. Qd2 Qc8 15. Rfc1 Qb7 16. Bd4 Rac8 17. e4 Nc5 18. Bxc5 Rxc5 19. b4 axb4 20. axb4 Rc7 21. e5 Ne8 22. e6 fxe6 23. dxe6 Bc6 24. Ra5 Bxg2 25. Nxg2 Qc8 26. Ne2 Rxc1+ 27. Nxc1 Qc6 28. Ne2 Nc7 29. Ngf4 Qc4 30. Ra7 Bf6 31. Qe3 Nd5 32. Nxd5 Qxd5 33. Ra5 Ra8 34. Rxa8+ Qxa8 35. g4 Qd5 36. Nf4 Qd4 37. Qxd4 Bxd4 38. Nd5 Kf8 39. Kf1 g5 40. Ke2 Ke8 41. Nc7+ Kd8 42. Nxb5 Be5 43. Kd3 Kc8 44. Kc4 Kb7 45. Na3 Kb6 46. Nc2 Bf6 47. Ne3 Kc6 48. b5+ Kc7 49. Nd5+ 1-0

[Event "Caxambu op"]
[Site "Caxambu"]
[Date "2023.07.21"]
[Round "2"]
[White "Fernandes, Beatriz"]
[Black "Cardozo, Matheus Santos"]
[Result "0-1"]
[WhiteElo "1493"]
[BlackElo "1852"]
[PlyCount "200"]
[EventDate "2023.07.20"]
[EventType "swiss"]
[EventRounds "7"]
[EventCountry "BRA"]
[SourceTitle "CBM 215 Extra"]
[Source "ChessBase"]
[SourceDate "2023.09.30"]
[SourceVersion "1"]
[SourceVersionDate "2023.09.30"]
[SourceQuality "1"]

1. e4 c6 2. d4 d5 3. exd5 cxd5 4. Bd3 Nf6 5. Bf4 Bg4 6. Nf3 e6 7. c3 Bd6 8. Bxd6 Qxd6 9. Nbd2 0-0 10. Qc2 Nc6 11. 0-0 Rfc8 12. a3 Rab8 13. Rac1 b5 14. Be2 a5 15. h3 Bh5 16. Qd3 a4 17. Qe3 Na5 18. Ne5 Bxe2 19. Qxe2 Nc4 20. Rb1 Nd7 21. f4 g6 22. Ndf3 Nf6 23. Ng5 Rc7 24. Qd3 h6 25. Ngxf7 Rxf7 26. Qxg6+ Rg7 27. Nxc4 Rxg6 28. Nxd6 Rb6 29. f5 exf5 30. Nxf5 Re6 31. Rbe1 Ne4 32. Nh4 Rg3 33. Rf3 Rg7 34. Nf5 Rg5 35. Ng3 Reg6 36. Nxe4 Rxg2+ 37. Kf1 dxe4 38. Rxe4 Rxb2 39. Re5 Rgg2 40. Re8+ Kg7 41. Ree3 Ra2 42. Rg3+ Rxg3 43. Rxg3+ Kf6 44. Rf3+ Ke6 45. Re3+ Kd6 46. Re5 Kc6 47. Re6+ Kd5 48. Rxh6 Rxa3 49. Rh5+ Kc6 50. Rh6+ Kb7 51. Rh7+ Kb6 52. Rh6+ Ka5 53. Rc6 Ra2 54. Ke1 Rh2 55. Rc8 Kb6 56. Ra8 Rc2 57. Rb8+ Kc6 58. Rc8+ Kb7 59. Kd1 Rh2 60. Rc5 Kb6 61. Kc1 Rxh3 62. Kb2 Rh2+ 63. Ka3 Rh1 64. Re5 Ra1+ 65. Kb2 Rg1 66. d5 Rg2+ 67. Ka3 Rc2 68. Kb4 Rb2+ 69. Ka3 Rb3+ 70. Ka2 Rxc3 71. Re6+ Ka5 72. d6 Rd3 73. Kb2 Kb4 74. Re4+ Kc5 75. Re5+ Kb4 76. Re4+ Kc5 77. Re5+ Kc6 78. Rg5 Rxd6 79. Kc3 Rh6 80. Rf5 Kb6 81. Rf4 Ka5 82. Rf5 Rh3+ 83. Kb2 a3+ 84. Ka2 Ka4 85. Rf4+ b4 86. Ka1 Kb3 87. Rf1 Rh2 88. Kb1 Kc3 89. Rc1+ Kd3 90. Rc8 b3 91. Rd8+ Kc4 92. Rc8+ Kd5 93. Rd8+ Kc6 94. Rd1 Kc5 95. Ka1 Kc4 96. Rg1 Rh3 97. Kb1 a2+ 98. Ka1 Kb4 99. Kb2 Rh2+ 100. Ka1 Ka3 0-1

[Event "Hebraica op 31st"]
[Site "Hebraica"]
[Date "2023.06.30"]
[Round "1"]
[White "Da Silva, Gabriel Gomes"]
[Black "Cardozo, Matheus Santos"]
[Result "0-1"]
[WhiteElo "1375"]
[BlackElo "1822"]
[PlyCount "110"]
[EventDate "2023.06.30"]
[EventType "swiss"]
[EventRounds "6"]
[EventCountry "BRA"]
[SourceTitle "CBM 215 Extra"]
[Source "ChessBase"]
[SourceDate "2023.09.30"]
[SourceVersion "1"]
[SourceVersionDate "2023.09.30"]
[SourceQuality "1"]

1. e4 c6 2. Nf3 d5 3. exd5 cxd5 4. d4 Bf5 5. Bd3 Bxd3 6. Qxd3 Nc6 7. a3 Nf6 8. Nc3 e6 9. Bg5 Be7 10. 0-0 0-0 11. h3 h6 12. Bf4 Rc8 13. Rac1 a6 14. Kh1 Bd6 15. Ne5 Qb6 16. Nxc6 Qxc6 17. Bxd6 Qxd6 18. Ne2 b5 19. c3 Qc6 20. f3 Qc4 21. Qd2 Rc7 22. g4 Rfc8 23. Rg1 g6 24. h4 Kg7 25. Qe3 Rb7 26. Qe5 Qc7 27. g5 Qxe5 28. dxe5 Nd7 29. f4 h5 30. Nd4 Nc5 31. Rg2 Ne4 32. Kg1 b4 33. axb4 Rxb4 34. Ra1 Rb6 35. Rc2 Rc4 36. Kg2 Rc8 37. Kf3 Rcb8 38. b3 Rc8 39. Rac1 Rb7 40. b4 Rbc7 41. c4 Rxc4 42. Rxc4 Nd2+ 43. Ke2 Nxc4 44. Ra1 Rb8 45. Rxa6 Rxb4 46. Ra7 Rb6 47. Rc7 Na3 48. Kd3 Nb5 49. Rc5 Nxd4 50. Kxd4 Rb1 51. Ke3 Rh1 52. Kf3 Rxh4 53. Kg3 Rg4+ 54. Kf3 Rg1 55. Kf2 Ra1 0-1

[Event "Jundiai op"]
[Site "Jundiai"]
[Date "2023.04.15"]
[Round "2"]
[White "Cardozo, Matheus Santos"]
[Black "Ricci, Lucas Estremes"]
[Result "1-0"]
[WhiteElo "1827"]
[BlackElo "1511"]
[PlyCount "55"]
[EventDate "2023.04.14"]
[EventType "swiss"]
[EventRounds "5"]
[EventCountry "BRA"]
[SourceTitle "CBM 213 Extra"]
[Source "ChessBase"]
[SourceDate "2023.05.31"]
[SourceVersion "1"]
[SourceVersionDate "2023.05.31"]
[SourceQuality "1"]

1. d4 Nf6 2. Nf3 g6 3. g3 Bg7 4. Bg2 0-0 5. 0-0 c6 6. c4 Ne4 7. Nbd2 f5 8. Nxe4 fxe4 9. Ng5 d5 10. Be3 e5 11. Nh3 Bf5 12. dxe5 Qc8 13. Nf4 Bxe5 14. cxd5 Rd8 15. Qb3 Bxf4 16. dxc6+ Be6 17. cxb7 Bxb3 18. bxc8Q Rxc8 19. Bxf4 Bc2 20. Rac1 Na6 21. Rxc2 Rxc2 22. Bxe4 Rac8 23. Bxc2 Rxc2 24. Rd1 Rxe2 25. Rd8+ Kf7 26. Rd7+ Re7 27. Rxe7+ Kxe7 28. Be3 1-0

[Event "Hebraica op 30th"]
[Site "Hebraica"]
[Date "2023.02.11"]
[Round "3"]
[White "Cardozo, Matheus Santos"]
[Black "Jiang, Lucas Zirui"]
[Result "0-1"]
[WhiteElo "1850"]
[BlackElo "1622"]
[PlyCount "92"]
[EventDate "2023.02.10"]
[EventType "swiss"]
[EventRounds "7"]
[EventCountry "BRA"]
[SourceTitle "CBM 212 Extra"]
[Source "ChessBase"]
[SourceDate "2023.03.31"]
[SourceVersion "1"]
[SourceVersionDate "2023.03.31"]
[SourceQuality "1"]

1. d4 c6 2. Nf3 d5 3. g3 Nf6 4. Bg2 Bf5 5. 0-0 e6 6. Nbd2 h6 7. c4 Nbd7 8. b3 Bd6 9. Bb2 0-0 10. Re1 Qe7 11. Ne5 Ne4 12. Nxd7 Qxd7 13. Nxe4 dxe4 14. e3 Bh7 15. Qc2 f5 16. Red1 Rac8 17. Rac1 Rfd8 18. Qe2 Qe7 19. Rc2 Ba3 20. Ba1 Bg6 21. Qe1 Bh5 22. Rdd2 Bb4 23. Bc3 Bxc3 24. Rxc3 Qb4 25. Rcc2 Rd7 26. Rd1 Qxe1+ 27. Rxe1 Rcd8 28. h4 g5 29. hxg5 hxg5 30. Bf1 Bf3 31. Bg2 Rh7 32. Rec1 Kf7 33. Kf1 Rdh8 34. Bxf3 exf3 35. Ke1 Rh2 36. d5 Rg2 37. Kd2 Rxf2+ 38. Kd3 Rxc2 39. Rxc2 exd5 40. cxd5 Rd8 41. e4 cxd5 42. exf5 g4 43. Rc7+ Kf6 44. Rxb7 Re8 45. Rh7 f2 46. Rh1 Re1 0-1

[Event "Hebraica op 30th"]
[Site "Hebraica"]
[Date "2023.02.10"]
[Round "1"]
[White "Cardozo, Matheus Santos"]
[Black "Signorelli, Joao Paulo Dias"]
[Result "1-0"]
[WhiteElo "1850"]
[BlackElo "1254"]
[PlyCount "91"]
[EventDate "2023.02.10"]
[EventType "swiss"]
[EventRounds "7"]
[EventCountry "BRA"]
[SourceTitle "CBM 212 Extra"]
[Source "ChessBase"]
[SourceDate "2023.03.31"]
[SourceVersion "1"]
[SourceVersionDate "2023.03.31"]
[SourceQuality "1"]

1. d4 Nf6 2. Nf3 e6 3. g3 d5 4. Bg2 Bb4+ 5. Bd2 Be7 6. 0-0 0-0 7. c4 c5 8. dxc5 Bxc5 9. Qc2 dxc4 10. Qxc4 Bb6 11. Nc3 Nc6 12. Rfd1 Qe7 13. Bf4 Na5 14. Qa4 Bd7 15. Qc2 Rac8 16. Bd6 Qe8 17. Bxf8 Qxf8 18. Ne5 Ba4 19. Qxa4 Rc5 20. Nd7 Nxd7 21. Qxd7 h6 22. Rac1 Rc8 23. Ne4 Rd8 24. Qa4 Rxd1+ 25. Rxd1 Nc6 26. Qa3 Qe8 27. Qd6 f5 28. Nc5 Nd8 29. a4 Kh7 30. b4 Nf7 31. Qxe6 Qxe6 32. Nxe6 Ne5 33. a5 Bxf2+ 34. Kxf2 Ng4+ 35. Kg1 Ne3 36. Rd7 Nc2 37. Rxb7 Kg6 38. Rxa7 Nxb4 39. Rb7 Na2 40. a6 Kf6 41. a7 Kxe6 42. a8Q Kf6 43. Qxa2 Kg6 44. h4 Kh7 45. Qf7 Kh8 46. Qxg7# 1-0

[Event "Hebraica op 30th"]
[Site "Hebraica"]
[Date "2023.02.10"]
[Round "2"]
[White "Sulz, Isaque Sathler"]
[Black "Cardozo, Matheus Santos"]
[Result "0-1"]
[WhiteElo "1483"]
[BlackElo "1850"]
[PlyCount "110"]
[EventDate "2023.02.10"]
[EventType "swiss"]
[EventRounds "7"]
[EventCountry "BRA"]
[SourceTitle "CBM 212 Extra"]
[Source "ChessBase"]
[SourceDate "2023.03.31"]
[SourceVersion "1"]
[SourceVersionDate "2023.03.31"]
[SourceQuality "1"]

1. e4 c6 2. d4 d5 3. e5 Bf5 4. h4 h6 5. g4 Bd7 6. Bd3 e6 7. f4 c5 8. Nf3 Nc6 9. c3 Qb6 10. Qb3 Qc7 11. Qd1 0-0-0 12. Be3 cxd4 13. Nxd4 Nxd4 14. Bxd4 Bc5 15. Nd2 Kb8 16. b4 Bxd4 17. cxd4 Qb6 18. Nb3 Ne7 19. Nc5 Qxb4+ 20. Ke2 Qxd4 21. Nxb7 Rc8 22. Rb1 Ka8 23. Qd2 Nc6 24. Nd6 Rb8 25. Nb5 Qb6 26. Rhc1 Nd4+ 27. Nxd4 Qxd4 28. Qc2 Qxf4 29. Rf1 Qxe5+ 30. Kd2 Rhc8 31. Rxb8+ Rxb8 32. Rb1 Qh2+ 33. Be2 Qf4+ 34. Ke1 Qg3+ 35. Kd2 Qf4+ 36. Ke1 Rxb1+ 37. Qxb1 Qg3+ 38. Kd2 Qb8 39. Qh7 Qb2+ 40. Ke3 Qe5+ 41. Kd2 Qf4+ 42. Ke1 Qf6 43. Ba6 Qxh4+ 44. Kf1 Qh3+ 45. Kf2 Qh2+ 46. Kf3 Bc6 47. Qg8+ Qb8 48. Qxf7 d4+ 49. Ke2 Bb5+ 50. Bxb5 Qxb5+ 51. Kd2 Qg5+ 52. Kd3 Qe3+ 53. Kc4 Qc3+ 54. Kb5 Qb2+ 55. Kc6 Qb6+ 0-1

[Event "Florianopolis op 9th"]
[Site "Florianopolis"]
[Date "2023.01.26"]
[Round "5"]
[White "Carneiro, Claudionor Chaves"]
[Black "Cardozo, Matheus Santos"]
[Result "1/2-1/2"]
[WhiteElo "1577"]
[BlackElo "1856"]
[PlyCount "119"]
[EventDate "2023.01.23"]
[EventType "swiss"]
[EventRounds "10"]
[EventCountry "BRA"]
[SourceTitle "CBM 212 Extra"]
[Source "ChessBase"]
[SourceDate "2023.03.31"]
[SourceVersion "1"]
[SourceVersionDate "2023.03.31"]
[SourceQuality "1"]

1. d4 Nf6 2. Nc3 d5 3. Bg5 e6 4. e4 dxe4 5. Nxe4 Be7 6. Nxf6+ Bxf6 7. Bxf6 Qxf6 8. Nf3 0-0 9. Qd2 c5 10. dxc5 Qxb2 11. Qd4 Qxd4 12. Nxd4 Rd8 13. 0-0-0 Bd7 14. Bc4 Nc6 15. Nb3 Ne5 16. Be2 Bc6 17. f3 Bd5 18. Rd4 Nc6 19. Rd2 e5 20. Rhd1 Be6 21. Rd6 a6 22. Bd3 Bxb3 23. Rxd8+ Rxd8 24. cxb3 Kf8 25. Be4 Ke7 26. Rxd8 Nxd8 27. Kd2 Ke6 28. g4 g6 29. g5 Nc6 30. Kc3 f5 31. gxf6 Kxf6 32. h4 h6 33. b4 h5 34. a4 g5 35. hxg5+ Kxg5 36. Bxc6 bxc6 37. b5 axb5 38. axb5 h4 39. bxc6 h3 40. c7 h2 41. c8Q h1Q 42. Qg4+ Kf6 43. Kc4 Qf1+ 44. Kd5 Qd3+ 45. Kc6 Qa6+ 46. Kd7 Qb7+ 47. Kd6 Qb8+ 48. Kc6 Qa8+ 49. Kb6 Qb8+ 50. Ka5 Qc7+ 51. Kb4 Qb7+ 52. Kc3 Qb5 53. Qh4+ Kf5 54. Qh7+ Kf6 55. Qh6+ Kf5 56. Qd6 Qa5+ 57. Kc4 Qa4+ 58. Kd5 Qb3+ 59. Kc6 Qc3 60. Qd5 1/2-1/2

[Event "BRA-ch U2000 Amateurs"]
[Site "Sao Paulo"]
[Date "2022.06.17"]
[Round "4"]
[White "Cardozo, Matheus Santos"]
[Black "Sampaio, Andre Luiz"]
[Result "1-0"]
[WhiteElo "1883"]
[BlackElo "1651"]
[PlyCount "133"]
[EventDate "2022.06.16"]
[EventType "swiss"]
[EventRounds "7"]
[EventCountry "BRA"]
[SourceTitle "CBM 208 Extra"]
[Source "ChessBase"]
[SourceDate "2022.07.31"]
[SourceVersion "1"]
[SourceVersionDate "2022.07.31"]
[SourceQuality "1"]

1. d4 d5 2. c4 e6 3. Nf3 c6 4. cxd5 exd5 5. Nc3 Nf6 6. Bg5 Be7 7. e3 0-0 8. Be2 Ne4 9. Bxe7 Qxe7 10. 0-0 f5 11. g3 Nd7 12. a3 Ndf6 13. Ne5 Nxc3 14. bxc3 Ne4 15. Qc2 Be6 16. a4 a5 17. Rfb1 Rf6 18. Rb6 Raf8 19. Rab1 Bc8 20. c4 g5 21. cxd5 cxd5 22. Rxf6 Qxf6 23. Qc7 f4 24. Rb6 Qg7 25. Qxg7+ Kxg7 26. Bh5 fxe3 27. fxe3 Nc3 28. Rb3 Nxa4 29. Ra3 b5 30. Nc6 Nb6 31. Nxa5 Nc4 32. Nxc4 dxc4 33. Ra5 Bh3 34. Be2 Rb8 35. Kf2 Bf5 36. Bxc4 bxc4 37. Rxf5 Kg6 38. Rc5 Rb2+ 39. Kf3 Rxh2 40. Rxc4 h5 41. Rc6+ Kf7 42. e4 Rb2 43. Rc3 Ke6 44. Ra3 Rb1 45. Ra6+ Kf7 46. e5 Rb3+ 47. Ke4 Rxg3 48. d5 h4 49. Kf5 h3 50. Ra7+ Ke8 51. Ke6 Kf8 52. Rh7 Kg8 53. Rh5 Kg7 54. d6 Kg6 55. Rh8 Kg7 56. d7 Kxh8 57. d8Q+ Kh7 58. Qe7+ Kh6 59. Qf6+ Kh5 60. Qf2 Kg4 61. Qf5+ Kh4 62. Kf6 Rd3 63. Qf2+ Kh5 64. Qc2 Rg3 65. Qg6+ Kh4 66. Qh6+ Kg4 67. Qxg5+ 1-0

[Event "Pocos de Caldas op"]
[Site "Pocos de Caldas"]
[Date "2022.03.12"]
[Round "3"]
[White "Cardozo, Matheus Santos"]
[Black "Casalaspro, Mathias Andre"]
[Result "1/2-1/2"]
[WhiteElo "1886"]
[BlackElo "1575"]
[PlyCount "77"]
[EventDate "2022.03.11"]
[EventType "swiss"]
[EventRounds "6"]
[EventCountry "BRA"]
[SourceTitle "CBM 207 Extra"]
[Source "ChessBase"]
[SourceDate "2022.05.31"]
[SourceVersion "1"]
[SourceVersionDate "2022.05.31"]
[SourceQuality "1"]

1. Nf3 c6 2. d4 d5 3. c4 Nf6 4. Nc3 g6 5. Bf4 Bf5 6. e3 Bg7 7. h3 Ne4 8. Be2 Qb6 9. Qb3 Qxb3 10. axb3 Na6 11. 0-0 Nb4 12. Ra4 Nd3 13. Bxd3 Nxc3 14. bxc3 Bxd3 15. Rfa1 a6 16. Rb4 b5 17. cxb5 cxb5 18. Ne1 Be2 19. Ra2 a5 20. Bc7 axb4 21. Rxa8+ Kd7 22. Ra7 bxc3 23. Be5+ Ke6 24. Bxg7 Rc8 25. Ra1 f6 26. Bh6 g5 27. h4 Rg8 28. b4 Rg6 29. hxg5 fxg5 30. Ra6+ Kf7 31. Rxg6 Kxg6 32. Bf8 Kf7 33. Bh6 Kg6 34. Bxg5 Kxg5 35. f3 Kh4 36. Kf2 Bc4 37. e4 dxe4 38. fxe4 Kg4 39. g3 1/2-1/2

[Event "Sao Paulo Carnaval op"]
[Site "Sao Paulo"]
[Date "2020.02.25"]
[Round "7"]
[White "Pereira, Armando Scharlau"]
[Black "Cardozo, Matheus Santos"]
[Result "0-1"]
[WhiteElo "1725"]
[BlackElo "1885"]
[PlyCount "66"]
[EventDate "2020.02.22"]
[EventType "swiss"]
[EventRounds "7"]
[EventCountry "BRA"]
[SourceTitle "CBM 195 Extra"]
[Source "ChessBase"]
[SourceDate "2020.05.31"]
[SourceVersion "1"]
[SourceVersionDate "2020.05.31"]
[SourceQuality "1"]

1. d4 d5 2. Nf3 Nf6 3. Bf4 c5 4. e3 Nc6 5. c3 Qb6 6. Qc1 Bf5 7. Nbd2 e6 8. Be2 Be7 9. h3 h6 10. Ne5 Rc8 11. Nxc6 bxc6 12. 0-0 0-0 13. g4 Bh7 14. Be5 cxd4 15. exd4 Nd7 16. Nf3 Nxe5 17. Nxe5 Rfd8 18. b4 f6 19. Nf3 Bd6 20. Qe3 e5 21. Rfd1 Re8 22. Qd2 e4 23. Ne1 Qc7 24. Ng2 f5 25. gxf5 Bxf5 26. Bg4 Rf8 27. Qe2 Rf6 28. Kh1 Bxg4 29. hxg4 Rcf8 30. Rd2 Rf3 31. Ne3 Qe7 32. Kg2 Qh4 33. Kg1 Qh2+ 0-1

[Event "Sao Paulo Carnaval op"]
[Site "Sao Paulo"]
[Date "2020.02.24"]
[Round "5"]
[White "Bonfim, Regina Rodrigues"]
[Black "Cardozo, Matheus Santos"]
[Result "0-1"]
[WhiteElo "1707"]
[BlackElo "1885"]
[PlyCount "40"]
[EventDate "2020.02.22"]
[EventType "swiss"]
[EventRounds "7"]
[EventCountry "BRA"]
[SourceTitle "CBM 195 Extra"]
[Source "ChessBase"]
[SourceDate "2020.05.31"]
[SourceVersion "1"]
[SourceVersionDate "2020.05.31"]
[SourceQuality "1"]

1. d4 d5 2. Nf3 Nf6 3. Bg5 e6 4. c4 Be7 5. e3 0-0 6. Bd3 dxc4 7. Bxc4 a6 8. 0-0 b5 9. Bd3 Bb7 10. Nbd2 Nbd7 11. e4 c5 12. d5 c4 13. e5 Nxd5 14. Bxe7 Qxe7 15. Ne4 cxd3 16. Nd6 Nxe5 17. Nxb7 Nxf3+ 18. Qxf3 Qxb7 19. Qe4 g6 20. Qd4 Rfd8 0-1

[Event "Sao Paulo Carnaval op"]
[Site "Sao Paulo"]
[Date "2019.03.04"]
[Round "6"]
[White "Cardozo, Matheus Santos"]
[Black "Reichert, Thiago da Cruz"]
[Result "1/2-1/2"]
[WhiteElo "1877"]
[BlackElo "1971"]
[PlyCount "69"]
[EventDate "2019.03.02"]
[EventType "swiss"]
[EventRounds "7"]
[EventCountry "BRA"]
[SourceTitle "EXT 2020"]
[Source "ChessBase"]
[SourceDate "2019.10.17"]
[SourceVersion "1"]
[SourceVersionDate "2019.10.17"]
[SourceQuality "1"]

1. d4 Nf6 2. c4 e6 3. Nf3 b6 4. g3 Ba6 5. Qc2 Be7 6. Bg2 c6 7. 0-0 0-0 8. b3 d5 9. Bg5 h6 10. Bxf6 Bxf6 11. e3 Nd7 12. Nbd2 Rc8 13. Rac1 c5 14. Qb1 cxd4 15. Nxd4 dxc4 16. Nxc4 Bxc4 17. bxc4 Nc5 18. Rfd1 Qc7 19. Nc6 e5 20. Nb4 Qe7 21. Bh3 Rcd8 22. Nd5 Qd6 23. Qf5 Rfe8 24. Nxf6+ Qxf6 25. Qxf6 gxf6 26. Rd5 Rxd5 27. cxd5 Rd8 28. Rd1 Ne4 29. Bg2 Nd6 30. Rc1 Rc8 31. Rxc8+ Nxc8 32. e4 Nd6 33. Kf1 Kg7 34. Ke2 f5 35. f3 1/2-1/2

[Event "Sao Paulo Carnaval op"]
[Site "Sao Paulo"]
[Date "2019.03.02"]
[Round "1"]
[White "Ferreira, Wagner Maria Gangin"]
[Black "Cardozo, Matheus Santos"]
[Result "0-1"]
[WhiteElo "1204"]
[BlackElo "1877"]
[PlyCount "58"]
[EventDate "2019.03.02"]
[EventType "swiss"]
[EventRounds "7"]
[EventCountry "BRA"]
[SourceTitle "EXT 2020"]
[Source "ChessBase"]
[SourceDate "2019.10.17"]
[SourceVersion "1"]
[SourceVersionDate "2019.10.17"]
[SourceQuality "1"]

1. d4 d5 2. Nf3 Nf6 3. Bf4 Bf5 4. Nbd2 e6 5. e3 Bd6 6. Ne5 0-0 7. c4 c5 8. cxd5 exd5 9. dxc5 Bxc5 10. Be2 Nbd7 11. Nxd7 Qxd7 12. 0-0 Rac8 13. Bf3 Bb4 14. a3 Bxd2 15. Qxd2 Rc2 16. Qd4 Rfc8 17. Qxa7 Ne4 18. Bxe4 Bxe4 19. Qd4 R2c4 20. Qd2 Rc2 21. Qb4 h5 22. Rad1 Qg4 23. Bg3 h4 24. f3 hxg3 25. h3 Qg5 26. Rde1 Bd3 27. f4 Qg6 28. Qxb7 Bxf1 29. Qxd5 Bxg2 0-1

[Event "Florianopolis op 5th"]
[Site "Florianopolis"]
[Date "2019.01.25"]
[Round "7"]
[White "Cardozo, Matheus Santos"]
[Black "Campos, Igor Ribeiro"]
[Result "1/2-1/2"]
[WhiteElo "1869"]
[BlackElo "2174"]
[PlyCount "107"]
[EventDate "2019.01.21"]
[EventType "swiss"]
[EventRounds "10"]
[EventCountry "BRA"]
[SourceTitle "CBM 188 Extra"]
[Source "ChessBase"]
[SourceDate "2019.02.26"]
[SourceVersion "1"]
[SourceVersionDate "2019.02.26"]
[SourceQuality "1"]

1. d4 e6 2. Nf3 Nf6 3. c4 b6 4. g3 Bb7 5. Bg2 Bb4+ 6. Nc3 Bxc3+ 7. bxc3 0-0 8. 0-0 d6 9. Bg5 Nbd7 10. Nd2 Bxg2 11. Kxg2 Qc8 12. e4 Qb7 13. Qe2 h6 14. Bxf6 Nxf6 15. Kg1 Nh7 16. f4 c5 17. d5 Rae8 18. Rae1 Qa6 19. Qf2 f6 20. Qg2 e5 21. Kh1 Re7 22. f5 Qxa2 23. Ra1 Qc2 24. Rfc1 Qd3 25. Ra3 Rff7 26. Ra2 Rb7 27. Qf3 Qxf3+ 28. Nxf3 Rfc7 29. Rca1 Kf7 30. Kg2 Nf8 31. Ne1 Nd7 32. Nc2 Ke7 33. Na3 a6 34. Nc2 Nb8 35. Rb2 Kd8 36. Rab1 Nd7 37. Ra1 Ra7 38. Rba2 Nb8 39. Na3 Rcb7 40. Rb1 Kc8 41. Rab2 Kc7 42. Kf3 Nd7 43. Ke3 Ra8 44. Kd3 Rg8 45. g4 Nf8 46. Ke3 Nh7 47. h4 Rgb8 48. Ra1 Rg8 49. Kd2 b5 50. cxb5 axb5 51. Rab1 b4 52. cxb4 Rxb4 53. Rxb4 cxb4 54. Rxb4 1/2-1/2

[Event "Florianopolis op 5th"]
[Site "Florianopolis"]
[Date "2019.01.22"]
[Round "3"]
[White "Cardozo, Matheus Santos"]
[Black "Fabrega, Enrique"]
[Result "1/2-1/2"]
[WhiteElo "1869"]
[BlackElo "2125"]
[PlyCount "102"]
[EventDate "2019.01.21"]
[EventType "swiss"]
[EventRounds "10"]
[EventCountry "BRA"]
[SourceTitle "CBM 188 Extra"]
[Source "ChessBase"]
[SourceDate "2019.02.26"]
[SourceVersion "1"]
[SourceVersionDate "2019.02.26"]
[SourceQuality "1"]

1. d4 Nf6 2. c4 c5 3. Nf3 cxd4 4. Nxd4 Nc6 5. g3 g6 6. Bg2 Bg7 7. Nc3 0-0 8. 0-0 Qb6 9. e3 d6 10. b3 Bg4 11. Qd2 Rac8 12. Bb2 Qa5 13. h3 Bd7 14. Rfd1 Rfe8 15. Nxc6 Bxc6 16. Nd5 Qxd2 17. Nxf6+ Bxf6 18. Rxd2 Bxb2 19. Rxb2 Bxg2 20. Kxg2 Rc5 21. Rd1 Kg7 22. Rbd2 f5 23. Rd5 Rec8 24. R1d2 Kf6 25. h4 R8c6 26. Kf3 Rxd5 27. Rxd5 e6 28. Rd2 Ke5 29. Ke2 d5 30. cxd5 exd5 31. Kd3 Rc1 32. Ke2 b5 33. Kd3 a5 34. Ke2 Rc3 35. Kf3 h6 36. Ke2 a4 37. bxa4 bxa4 38. Kf3 g5 39. hxg5 hxg5 40. Rb2 g4+ 41. Kg2 Ke4 42. Rd2 Rc4 43. Rb2 Kd3 44. Rb5 Rc2 45. Rxd5+ Kc3 46. Rxf5 Rxa2 47. Rf4 a3 48. Rxg4 Rc2 49. Rg8 a2 50. Ra8 Kb3 51. g4 Rc4 1/2-1/2

[Event "Sao Paulo Salles Cup 12th"]
[Site "Sao Paulo"]
[Date "2018.04.20"]
[Round "1"]
[White "Funayama S A, Yuri"]
[Black "Cardozo, Matheus Santos"]
[Result "1-0"]
[WhiteElo "1504"]
[BlackElo "1875"]
[PlyCount "95"]
[EventDate "2018.04.20"]
[EventType "swiss"]
[EventRounds "6"]
[EventCountry "BRA"]
[SourceTitle "CBM 184 Extra"]
[Source "ChessBase"]
[SourceDate "2018.06.28"]
[SourceVersion "1"]
[SourceVersionDate "2018.06.28"]
[SourceQuality "1"]

1. d4 Nf6 2. Nf3 g6 3. Bf4 Bg7 4. e3 d6 5. h3 0-0 6. c4 Nbd7 7. Nc3 Re8 8. Be2 b6 9. 0-0 Bb7 10. Rc1 e5 11. Bh2 exd4 12. exd4 Ne4 13. Nxe4 Bxe4 14. b4 a5 15. a3 axb4 16. axb4 Bh6 17. Rc3 Ra2 18. c5 bxc5 19. bxc5 dxc5 20. dxc5 Bg7 21. Re3 Bh6 22. Rc3 Bg7 23. Rc4 c6 24. Bd6 Bd5 25. Rc2 Bb3 26. Rxa2 Bxd1 27. Rxd1 Nf6 28. Bc4 Qd7 29. Ng5 Nd5 30. Bxd5 cxd5 31. Rxd5 Qb5 32. Rad2 Bh6 33. Rd1 Qb3 34. Nf3 Rd8 35. Ne5 Bg7 36. Nc6 Re8 37. Ne7+ Kh8 38. c6 Bf6 39. c7 Bxe7 40. Bxe7 Rc8 41. Rd8+ Kg7 42. Bf8+ Kf6 43. R1d6+ Kf5 44. Rxc8 Qb1+ 45. Kh2 Qb7 46. Re8 Qxc7 47. g4+ Kf4 48. Red8 1-0

[Event "Sao Paulo op-B U2050 7th"]
[Site "Sao Paulo"]
[Date "2018.03.31"]
[Round "3"]
[White "Cardozo, Matheus Santos"]
[Black "Ikejiri, Daniel Yoshito"]
[Result "0-1"]
[WhiteElo "1875"]
[BlackElo "1970"]
[PlyCount "86"]
[EventDate "2018.03.30"]
[EventType "swiss"]
[EventRounds "6"]
[EventCountry "BRA"]
[SourceTitle "EXT 2021"]
[Source "ChessBase"]
[SourceDate "2020.10.23"]
[SourceVersion "1"]
[SourceVersionDate "2020.10.23"]
[SourceQuality "1"]

1. d4 Nf6 2. c4 e6 3. Nc3 Bb4 4. Qc2 d5 5. Nf3 c5 6. Bg5 h6 7. Bh4 g5 8. Bg3 Ne4 9. e3 Qa5 10. Rc1 Qxa2 11. Bd3 Bxc3+ 12. bxc3 Qxc2 13. Rxc2 Nxg3 14. hxg3 f6 15. Ke2 Nc6 16. Nd2 cxd4 17. cxd4 Bd7 18. Rb1 Rb8 19. Rcb2 Bc8 20. Nb3 Ke7 21. Nc5 b6 22. Na4 dxc4 23. Bxc4 Na5 24. Bd3 Bb7 25. Rc2 Rbc8 26. Rbc1 Rxc2+ 27. Rxc2 Rc8 28. Rxc8 Bxc8 29. Nc3 Nc6 30. Be4 Nb4 31. Kd2 Bd7 32. Nd1 Kd6 33. Kc3 Nd5+ 34. Kb3 a5 35. Nb2 b5 36. Nd3 b4 37. Nc5 Bc6 38. Bd3 Nc3 39. Bf1 e5 40. Nd3 exd4 41. exd4 Ne4 42. Be2 Kd5 43. Bf3 Kxd4 0-1

[Event "Sao Paulo op-B U2050 7th"]
[Site "Sao Paulo"]
[Date "2018.03.30"]
[Round "1"]
[White "Cardozo, Matheus Santos"]
[Black "Lima, Aine Carolina"]
[Result "1-0"]
[WhiteElo "1875"]
[BlackElo "1560"]
[PlyCount "67"]
[EventDate "2018.03.30"]
[EventType "swiss"]
[EventRounds "6"]
[EventCountry "BRA"]
[SourceTitle "EXT 2021"]
[Source "ChessBase"]
[SourceDate "2020.10.23"]
[SourceVersion "1"]
[SourceVersionDate "2020.10.23"]
[SourceQuality "1"]

1. d4 d5 2. c4 c6 3. cxd5 cxd5 4. Nc3 e6 5. Nf3 Nc6 6. Bf4 a6 7. e3 Nf6 8. Bd3 Bd7 9. 0-0 Be7 10. Bg5 h6 11. Bh4 Rc8 12. Rc1 0-0 13. Bb1 Na5 14. Ne5 g5 15. Bg3 Kg7 16. f4 Ng8 17. fxg5 Bxg5 18. Bf4 Ne7 19. Bxg5 hxg5 20. Qh5 Nf5 21. Bxf5 exf5 22. Nxd7 Rh8 23. Qf3 Qxd7 24. Qxf5 Qe7 25. Nxd5 Qe6 26. Qxg5+ Qg6 27. Qxg6+ fxg6 28. Rc3 Nc6 29. Rfc1 Rcd8 30. Nf4 Kf6 31. Rf1 Rhe8 32. d5 Ne5 33. Ne6+ Ke7 34. Nxd8 1-0